30 Jahre Kulturwerk Danzig e.V.

Titel: 30 Jahre Kulturwerk Danzig e.V. : (1972 - 2002) ; [50 Jahre Patenschaft der Stadt Düsseldorf (1952 - 2002) ; zum Gedenken an den am 10. Mai verstorbenen Karl Heinz Rinkens ; Gedenkveranstaltung am 18. Mai 2001 im Schloß Annaberg, Bonn- Bad Godesberg] / Kulturwerk Danzig e.V. (Hrsg.)
Körperschaft:
Veröffentlicht: Düsseldorf : Kulturwerk Danzig, 2003
Umfang: 96 S. : Ill., Kt. ; 21 cm
Format: Buch
Sprache: Deutsch
Schriftenreihe/
mehrbändiges Werk:
Schriftenreihe des Kulturwerks Danzig ; Sonderh.
ISBN: 3000113312
Buchumschlag
X
alg: 12551347
001A    $06000:21-12-04 
001B    $01999:20-11-16 $t17:50:30.000 
001C    $03004:10-01-06 $t12:01:39.000 
001D    $06000:21-12-04 
001U    $0utf8 
001X    $00 
002@    $0Aaxaf 
003@    $012551347X 
003O    $076560461 $aOCoLC 
004A    $03-00-011331-2 $fkart. 
006G    $0969276966 
006U    $005,B01,0110 $f20031111 
007A    $0969276966 $aDNB 
007T    $0Herdhh12551347X 
010@    $ager 
011@    $a2003 $n2003 
015@    $00 
017A    $asf 
021A    $a30 Jahre Kulturwerk Danzig e.V. $d(1972 - 2002) ; [50 Jahre Patenschaft der Stadt Düsseldorf (1952 - 2002) ; zum Gedenken an den am 10. Mai verstorbenen Karl Heinz Rinkens ; Gedenkveranstaltung am 18. Mai 2001 im Schloß Annaberg, Bonn- Bad Godesberg] $hKulturwerk Danzig e.V. (Hrsg.) 
027A    $aDreissig Jahre Kulturwerk Danzig e.V. 
027A/01 $aDreissig Jahre Kulturwerk Danzig e.V 
029A    $72083641-7 $8Kulturwerk Danzig [Tb1] $9043295703 
033A    $pDüsseldorf $nKulturwerk Danzig 
034D    $a96 S. 
034I    $a21 cm 
034M    $aIll., Kt. 
036E    $aSchriftenreihe des Kulturwerks Danzig $lSonderh. 
045E    $c300 

lok: 12551347 24

exp: 12551347 24 1 #EPN
201B/01 $010-01-06 $t12:01:39.000 
201C/01 $010-01-06 
203@/01 $0336250037 
208@/01 $a10-01-06 $ba 
209A/01 $azur Erwerbung bestellt $da $f050 $x00 
220C/01 $awar 
247C/01 $8358050-7 Marburg, Bibliothek des Herder-Instituts Marburg $9102600961 
201U/01 $0utf8 

lok: 12551347 78

exp: 12551347 78 1 #EPN
201B/01 $019-04-17 $t19:36:56.000 
201U/01 $0utf8 
203@/01 $0793951895 
208@/01 $a12-11-16 $be 
209A/01 $a/ $f000 $x00 
244Z/01 $2Trx $#Prusy Wschodnie i Zachodnie $8--Trx--Ost- und Westpreußen $x01 $939113373X 
244Z/01 $2Trx $#Poola $#Lenkija $#Polija $#Polen Land $#Poland $#Lengyelország $#Poľsko $#Polsko $8--Trx--Polska$gkraj $x02 $9391345966 
244Z/01 $aGeschichte 1952-2002 $x03 
247C/01 $82080>Marburg/Lahn, Herder-Institut, Forschungsbibliothek, Bibliographieportal $9336309341
LEADER 00000cam a22000002c 4500
001 12551347X
003 DE-603
005 20161120175030.0
007 tu
008 041221s2003 xx |||| | u00||u|ger
015 |a 05,B01,0110  |2 dnb 
016 7 |2 DE-101  |a 969276966 
020 |a 3000113312  |c kart. 
035 |a (DE-599)DNB969276966 
035 |a (OCoLC)76560461 
040 |a DE-603  |b ger  |c DE-603  |d DE-603 
041 |a ger 
084 |a 300  |q DE-101  |2 sdnb 
090 |a b 
110 2 |a Kulturwerk Danzig  |0 (DE-603)043295703  |0 (DE-588)2083641-7  |2 gnd 
245 0 0 |a 30 Jahre Kulturwerk Danzig e.V.  |b (1972 - 2002) ; [50 Jahre Patenschaft der Stadt Düsseldorf (1952 - 2002) ; zum Gedenken an den am 10. Mai verstorbenen Karl Heinz Rinkens ; Gedenkveranstaltung am 18. Mai 2001 im Schloß Annaberg, Bonn- Bad Godesberg]  |c Kulturwerk Danzig e.V. (Hrsg.) 
246 1 3 |a Dreissig Jahre Kulturwerk Danzig e.V. 
246 1 3 |a Dreissig Jahre Kulturwerk Danzig e.V 
264 1 |a Düsseldorf  |b Kulturwerk Danzig  |c 2003 
300 |a 96 S.  |b Ill., Kt.  |c 21 cm 
490 0 |a Schriftenreihe des Kulturwerks Danzig  |v Sonderh. 
924 0 |9 Mb 50  |a (DE-603)336250037  |b DE-Mb50  |c HES  |d d  |g zur Erwerbung bestellt 
924 0 |9 2080  |a (DE-603)793951895  |b DE-2080  |c HES  |d d  |g /